Agriculture extension: Impact and assessment (Record no. 41684)

MARC details
000 -LEADER
fixed length control field 00421nam a2200145Ia 4500
082 ## - DEWEY DECIMAL CLASSIFICATION NUMBER
Classification number 026.3173611
Item number SIN
100 ## - MAIN ENTRY--AUTHOR NAME
Personal name Singh, A P
245 #0 - TITLE STATEMENT
Title Agriculture extension: Impact and assessment
260 ## - PUBLICATION, DISTRIBUTION, ETC. (IMPRINT)
Place of publication Jodhpur
Name of publisher Agrobios(India)
Year of publication 2000
650 ## - SUBJECT ADDED ENTRY--TOPICAL TERM
Topical Term Extension education
650 ## - SUBJECT ADDED ENTRY--TOPICAL TERM
Topical Term Globalisation
650 ## - SUBJECT ADDED ENTRY--TOPICAL TERM
Topical Term Integrated agricultural resource management
942 ## - ADDED ENTRY ELEMENTS (KOHA)
Koha item type Books
Holdings
Withdrawn status Lost status Damaged status Not for loan Home library Current library Date acquired Cost, normal purchase price Full call number Accession Number Koha item type
        RRII Library RRII Library 16/12/2021 300.00 026.3173611 SIN 21970 Books